[Event "Titled Tuesday intern op 12th Mar Late"]
[Site "Chess.com INT"]
[Date "2024.03.12"]
[Round "9"]
[White "Boor, Carl Brandon"]
[Black "Slavin, Alexei"]
[Result "0-1"]
[WhiteElo "2231"]
[BlackElo "2364"]
[PlyCount "50"]
[EventDate "2024.03.12"]
[EventType "swiss (blitz)"]
[EventRounds "11"]
[EventCountry "USA"]
[SourceTitle "CB12_2024"]
[SourceDate "2023.10.01"]
[SourceVersion "1"]
[SourceVersionDate "2023.10.01"]
[SourceQuality "1"]

1. d4 Nc6 2. Nf3 d6 3. d5 Ne5 4. Nxe5 dxe5 5. e4 a6 6. Qh5 Qd6 7. Nc3 g6 8. Qh4 Bg7 9. Bc4 Bd7 10. 0-0 h5 11. f4 Qc5+ 12. Kh1 Qxc4 13. Bd2 exf4 14. Bxf4 Nf6 15. e5 Nxd5 16. Nxd5 Qxd5 17. Bg5 Bc6 18. Rf2 Qxe5 19. Bd2 0-0 20. Re1 Qxb2 21. Rxe7 Rae8 22. h3 Rxe7 23. Qxe7 Qxc2 24. Kh2 Qe4 25. Qg5 Qe5+ 0-1

[Event "Titled Tuesday intern op 06th Feb Late"]
[Site "Chess.com INT"]
[Date "2024.02.06"]
[Round "5"]
[White "Kantor, Gergely"]
[Black "Slavin, Alexei"]
[Result "1-0"]
[WhiteElo "2531"]
[BlackElo "2364"]
[PlyCount "45"]
[EventDate "2024.02.06"]
[EventType "swiss (blitz)"]
[EventRounds "11"]
[EventCountry "USA"]
[SourceTitle "CB07_2024"]
[SourceDate "2024.02.14"]
[SourceVersion "1"]
[SourceVersionDate "2024.02.14"]
[SourceQuality "1"]

1. c4 Nc6 2. Nf3 Nf6 3. d4 d6 4. d5 Ne5 5. Nd4 g6 6. f4 Ned7 7. Nc3 Bg7 8. e4 0-0 9. Be2 a6 10. 0-0 c5 11. Nc2 Rb8 12. a4 b6 13. Kh1 Qc7 14. Qe1 Re8 15. Qh4 e6 16. dxe6 Rxe6 17. f5 Re8 18. Bg5 gxf5 19. Rxf5 Nxe4 20. Nxe4 Ne5 21. Nf6+ Bxf6 22. Bxf6 Bxf5 23. Qh6 1-0

[Event "Titled Tuesday intern op 24th Oct Late"]
[Site "Chess.com INT"]
[Date "2023.10.24"]
[Round "3"]
[White "Slavin, Alexei"]
[Black "Contreras Torres, Javier"]
[Result "1-0"]
[WhiteElo "2364"]
[BlackElo "2296"]
[PlyCount "59"]
[EventDate "2023.10.24"]
[EventType "swiss (blitz)"]
[EventRounds "11"]
[EventCountry "USA"]
[SourceTitle "Mega2024 Update 01"]
[Source "Chessbase"]
[SourceDate "2023.11.12"]
[SourceVersion "1"]
[SourceVersionDate "2023.11.12"]
[SourceQuality "1"]

1. e4 c6 2. d4 d5 3. e5 Bf5 4. Nf3 e6 5. Be2 Nd7 6. 0-0 Ne7 7. c3 c5 8. a3 Nc6 9. b4 cxd4 10. cxd4 Be7 11. Bb2 Rc8 12. Nbd2 0-0 13. Rc1 Qb6 14. Nb3 a5 15. Nc5 Rfd8 16. Nxd7 Rxd7 17. b5 Na7 18. a4 Rdc7 19. Qd2 Bb4 20. Qe3 Rc2 21. Rxc2 Rxc2 22. Ba3 Rc3 23. Bxb4 Rxe3 24. Bc5 Qxc5 25. dxc5 Rxe2 26. Rc1 Rc2 27. Rxc2 Bxc2 28. Nd4 Bxa4 29. c6 bxc6 30. b6 1-0

[Event "Titled Tuesday intern op 24th Oct Late"]
[Site "Chess.com INT"]
[Date "2023.10.24"]
[Round "11"]
[White "Slavin, Alexei"]
[Black "Korol, Dimitry"]
[Result "0-1"]
[WhiteElo "2364"]
[BlackElo "2287"]
[PlyCount "110"]
[EventDate "2023.10.24"]
[EventType "swiss (blitz)"]
[EventRounds "11"]
[EventCountry "USA"]
[SourceTitle "Mega2024 Update 01"]
[Source "Chessbase"]
[SourceDate "2023.11.12"]
[SourceVersion "1"]
[SourceVersionDate "2023.11.12"]
[SourceQuality "1"]

1. e4 c5 2. g3 g6 3. Bg2 Bg7 4. Ne2 Nc6 5. Nbc3 d6 6. 0-0 e5 7. h3 Nge7 8. d3 0-0 9. a3 Be6 10. Rb1 Qd7 11. Kh2 f5 12. f4 Rae8 13. b4 b6 14. b5 Nd4 15. Nxd4 exd4 16. Ne2 fxe4 17. dxe4 Bc4 18. Re1 Bxb5 19. Ng1 Bc6 20. Nf3 Kh8 21. Bb2 Ng8 22. Nd2 Nf6 23. Qf3 d5 24. e5 Ne4 25. Nb3 Bxe5 26. Rbd1 Bg7 27. Qf1 a5 28. Nd2 Qb7 29. Qh1 Re7 30. Qg1 Rfe8 31. Nf3 Qc7 32. h4 b5 33. Bh3 b4 34. axb4 axb4 35. Bc1 Bd7 36. Bg2 Bg4 37. Rf1 Nc3 38. Rd2 Re2 39. Rxe2 Rxe2 40. Ng5 Qe7 41. Kh1 h6 42. Bf3 hxg5 43. Bxg4 Rxc2 44. hxg5 b3 45. Rf2 d3 46. Rh2+ Kg8 47. Rxc2 bxc2 48. Bd2 Ne4 49. Be3 d2 50. Bxd2 Nxd2 51. Qc1 Qe4+ 52. Kh2 Nb3 53. Qa3 c1Q 54. Qa8+ Bf8 55. Be6+ Qxe6 0-1

[Event "Titled Tuesday intern op 24th Oct Late"]
[Site "Chess.com INT"]
[Date "2023.10.24"]
[Round "4"]
[White "Volkov, Maksim"]
[Black "Slavin, Alexei"]
[Result "1-0"]
[WhiteElo "2260"]
[BlackElo "2364"]
[PlyCount "79"]
[EventDate "2023.10.24"]
[EventType "swiss (blitz)"]
[EventRounds "11"]
[EventCountry "USA"]
[SourceTitle "Mega2024 Update 01"]
[Source "Chessbase"]
[SourceDate "2023.11.12"]
[SourceVersion "1"]
[SourceVersionDate "2023.11.12"]
[SourceQuality "1"]

1. e4 Nc6 2. Nf3 d6 3. d4 Nf6 4. Nc3 Bg4 5. Be3 a6 6. h3 Bh5 7. Qe2 e5 8. 0-0-0 Qc8 9. g4 Bg6 10. d5 Nb8 11. Bg5 Be7 12. Nh4 Nxd5 13. Bxe7 Nxe7 14. Bg2 Nbc6 15. Qe3 0-0 16. Nd5 Nxd5 17. exd5 Nb8 18. Nf3 h6 19. Rhg1 Nd7 20. Bf1 Nc5 21. Nxe5 Re8 22. f4 dxe5 23. Qxc5 e4 24. f5 Bh7 25. Rg3 Kh8 26. Re3 f6 27. Rde1 Bg8 28. Rxe4 Rxe4 29. Rxe4 Qd7 30. Re7 Qxd5 31. Qxd5 Bxd5 32. Rxc7 Re8 33. Kd2 h5 34. gxh5 Re5 35. Bd3 Kh7 36. Rc8 Bc6 37. h4 Bf3 38. h6 gxh6 39. Rc7+ Kh8 40. Rf7 1-0

[Event "Titled Tuesday intern op 19th Sep Late"]
[Site "Chess.com INT"]
[Date "2023.09.19"]
[Round "3"]
[White "Slavin, Alexei"]
[Black "Buchenau, Frank"]
[Result "0-1"]
[WhiteElo "2364"]
[BlackElo "2135"]
[PlyCount "116"]
[EventDate "2023.09.19"]
[EventType "swiss (blitz)"]
[EventRounds "11"]
[EventCountry "USA"]
[SourceTitle "EXT 2024"]
[Source "ChessBase"]
[SourceDate "2023.10.10"]
[SourceVersion "1"]
[SourceVersionDate "2023.10.10"]
[SourceQuality "1"]

1. e4 e6 2. Nf3 d5 3. e5 c5 4. b4 cxb4 5. a3 Nc6 6. axb4 Bxb4 7. c3 Ba5 8. d4 Nge7 9. Bd3 Bd7 10. 0-0 b5 11. Bg5 h6 12. Bh4 b4 13. c4 dxc4 14. Bxc4 Qb6 15. Qb3 0-0 16. Nbd2 Nf5 17. d5 Nxh4 18. Nxh4 Nd4 19. Qa2 b3 20. Qxa5 b2 21. Ra2 Qxa5 22. Rxa5 Rfb8 23. dxe6 Bxe6 24. Bxe6 fxe6 25. Nhf3 Ne2+ 26. Kh1 Nc1 27. Nb1 a6 28. h4 Rb5 29. Ra4 a5 30. Rd1 Nb3 31. Nd4 Nxd4 32. Raxd4 a4 33. Rd8+ Rxd8 34. Rxd8+ Kf7 35. Ra8 Rxe5 36. Nc3 Rc5 37. Rb8 a3 38. Rb3 Rxc3 39. Rxc3 b1Q+ 40. Kh2 Qb8+ 41. g3 a2 42. Rf3+ Kg8 43. Ra3 Qb2 44. Ra8+ Kh7 45. Ra7 a1Q 46. Rxa1 Qxa1 47. Kg2 Qc3 48. g4 Qd4 49. Kg3 e5 50. f3 e4 51. fxe4 Qxe4 52. h5 Qd3+ 53. Kh4 Kg8 54. g5 Kf7 55. gxh6 gxh6 56. Kg4 Qe4+ 57. Kg3 Kf6 58. Kh3 Kf5 0-1

[Event "Titled Tuesday intern op 19th Sep Late"]
[Site "Chess.com INT"]
[Date "2023.09.19"]
[Round "11"]
[White "Slavin, Alexei"]
[Black "Quirke, Jeffrey"]
[Result "1-0"]
[WhiteElo "2364"]
[BlackElo "2015"]
[PlyCount "75"]
[EventDate "2023.09.19"]
[EventType "swiss (blitz)"]
[EventRounds "11"]
[EventCountry "USA"]
[SourceTitle "EXT 2024"]
[Source "ChessBase"]
[SourceDate "2023.10.10"]
[SourceVersion "1"]
[SourceVersionDate "2023.10.10"]
[SourceQuality "1"]

1. e4 Nf6 2. Nc3 d5 3. e5 d4 4. exf6 dxc3 5. fxg7 cxd2+ 6. Qxd2 Qxd2+ 7. Bxd2 Bxg7 8. 0-0-0 Nc6 9. Bb5 Bd7 10. h4 0-0-0 11. h5 h6 12. Ne2 Ne5 13. Bxd7+ Rxd7 14. Bc3 Rxd1+ 15. Rxd1 Bf6 16. f3 Nd7 17. g4 Bxc3 18. Nxc3 Ne5 19. Rf1 Rd8 20. Ne4 f6 21. Nd2 c5 22. Kd1 b5 23. Ke2 Kc7 24. b3 Kc6 25. Ke3 c4 26. Ne4 a5 27. Ng3 c3 28. Nf5 Rd2 29. Rf2 Rxf2 30. Kxf2 Nd3+ 31. Ke3 Nb4 32. Nd4+ Kc5 33. a3 Nd5+ 34. Ke4 b4 35. a4 Nb6 36. f4 Kd6 37. Nf5+ Kd7 38. Kd3 1-0

[Event "Titled Tuesday intern op 19th Sep Late"]
[Site "Chess.com INT"]
[Date "2023.09.19"]
[Round "5"]
[White "Slavin, Alexei"]
[Black "Toczek, Grzegorz"]
[Result "1-0"]
[WhiteElo "2364"]
[BlackElo "2267"]
[PlyCount "73"]
[EventDate "2023.09.19"]
[EventType "swiss (blitz)"]
[EventRounds "11"]
[EventCountry "USA"]
[SourceTitle "EXT 2024"]
[Source "ChessBase"]
[SourceDate "2023.10.10"]
[SourceVersion "1"]
[SourceVersionDate "2023.10.10"]
[SourceQuality "1"]

1. e4 c5 2. g3 g6 3. Bg2 Bg7 4. Ne2 Nc6 5. 0-0 e6 6. Nbc3 Nge7 7. a3 a5 8. Nb5 d6 9. c4 0-0 10. d3 Nd4 11. Nexd4 cxd4 12. Bf4 e5 13. Bd2 f5 14. f4 fxe4 15. Bxe4 d5 16. cxd5 Bd7 17. Nd6 Bh3 18. Nc4 Bxf1 19. Qxf1 Nxd5 20. Qg2 Ne3 21. Nxe3 dxe3 22. Bxe3 exf4 23. Bxf4 Bxb2 24. Qxb2 Rc8 25. Qb3+ Kg7 26. Be5+ Kh6 27. Qe6 Qg5 28. Bf4 Rxf4 29. Qxc8 Rxe4 30. Qh3+ Kg7 31. dxe4 Qe3+ 32. Kh1 Qd4 33. Re1 Qc3 34. Qf1 Qxa3 35. e5 Qe7 36. e6 a4 37. Qc4 1-0

[Event "Titled Tuesday intern op 19th Sep Late"]
[Site "Chess.com INT"]
[Date "2023.09.19"]
[Round "6"]
[White "Slavin, Alexei"]
[Black "Yeritsyan, Hayk"]
[Result "0-1"]
[WhiteElo "2364"]
[BlackElo "2179"]
[PlyCount "122"]
[EventDate "2023.09.19"]
[EventType "swiss (blitz)"]
[EventRounds "11"]
[EventCountry "USA"]
[SourceTitle "EXT 2024"]
[Source "ChessBase"]
[SourceDate "2023.10.10"]
[SourceVersion "1"]
[SourceVersionDate "2023.10.10"]
[SourceQuality "1"]

1. e4 c6 2. d4 d5 3. e5 c5 4. c4 e6 5. dxc5 Bxc5 6. cxd5 exd5 7. Nc3 Ne7 8. f4 Nbc6 9. Nf3 Bg4 10. Bd3 Qd7 11. h3 Bf5 12. a3 Bxd3 13. Qxd3 0-0-0 14. Bd2 Kb8 15. 0-0-0 Qf5 16. Qxf5 Nxf5 17. g4 Ne3 18. Rde1 Nc4 19. Ng5 Nd4 20. Nxf7 Nb3+ 21. Kc2 Nbxd2 22. Nxh8 Nf3 23. Re2 Nd4+ 24. Kd3 Nxe2 25. Kxe2 Rxh8 26. Nxd5 Rd8 27. b4 Rxd5 28. bxc5 Nxe5 29. fxe5 Rxe5+ 30. Kf3 Rxc5 31. Ra1 Rc3+ 32. Kf4 Rxh3 33. a4 Kc7 34. Re1 Rd3 35. g5 Rd7 36. Kf5 Kb6 37. Re6+ Ka5 38. Re4 b6 39. Ke6 Rc7 40. Rf4 a6 41. Rh4 g6 42. Kd6 Rc5 43. Rxh7 Rxg5 44. Rb7 Rg1 45. Ke5 g5 46. Kf5 g4 47. Kf4 Ra1 48. Kxg4 Rxa4+ 49. Kf3 Rd4 50. Ke3 Rd8 51. Ke4 b5 52. Ke5 Kb4 53. Ke6 Rd3 54. Ra7 a5 55. Rc7 a4 56. Ke5 Rd8 57. Ke6 Kb3 58. Ke7 Rd1 59. Rc5 b4 60. Rd5 Rxd5 61. Ke6 Rd2 0-1

[Event "Titled Tuesday intern op 12th Sep Late"]
[Site "Chess.com INT"]
[Date "2023.09.12"]
[Round "11"]
[White "Doluhanova, Evgeniya"]
[Black "Slavin, Alexei"]
[Result "0-1"]
[WhiteElo "2230"]
[BlackElo "2364"]
[PlyCount "60"]
[EventDate "2023.09.12"]
[EventType "swiss (blitz)"]
[EventRounds "11"]
[EventCountry "USA"]
[SourceTitle "EXT 2024"]
[Source "ChessBase"]
[SourceDate "2023.10.10"]
[SourceVersion "1"]
[SourceVersionDate "2023.10.10"]
[SourceQuality "1"]

1. e4 Nc6 2. Nf3 d6 3. d4 Nf6 4. Nc3 Bg4 5. Be2 e5 6. Be3 a6 7. Qd2 Be7 8. 0-0-0 b5 9. a3 0-0 10. h3 Bh5 11. g4 Bg6 12. Ng5 exd4 13. Bxd4 Nxd4 14. Qxd4 c5 15. Qe3 b4 16. axb4 cxb4 17. Nd5 Nxd5 18. Rxd5 b3 19. c3 a5 20. h4 h6 21. f4 a4 22. h5 Bh7 23. Nxh7 Kxh7 24. g5 a3 25. bxa3 Rxa3 26. g6+ Kh8 27. Kb2 Qa8 28. Rb1 Ra2+ 29. Kc1 Rc2+ 30. Kd1 Qa2 0-1

[Event "Titled Tuesday intern op 22nd Aug Early"]
[Site "Chess.com INT"]
[Date "2023.08.22"]
[Round "6"]
[White "Slavin, Alexei"]
[Black "Morales Garcia, Sergio Joshafatt"]
[Result "0-1"]
[WhiteElo "2364"]
[BlackElo "2221"]
[PlyCount "88"]
[EventDate "2023.08.22"]
[EventType "swiss (blitz)"]
[EventRounds "11"]
[EventCountry "USA"]
[SourceTitle "EXT 2024"]
[Source "ChessBase"]
[SourceDate "2023.10.10"]
[SourceVersion "1"]
[SourceVersionDate "2023.10.10"]
[SourceQuality "1"]

1. e4 c5 2. g3 Nc6 3. Bg2 g6 4. Ne2 Bg7 5. 0-0 e5 6. Nbc3 Nge7 7. a3 0-0 8. Rb1 a5 9. d3 d6 10. Nb5 Nd4 11. Nexd4 cxd4 12. c4 dxc3 13. bxc3 f5 14. f4 Kh8 15. a4 d5 16. Ba3 d4 17. cxd4 exd4 18. e5 Be6 19. Bxb7 Nd5 20. Bxf8 Bxf8 21. Nxd4 Bc5 22. Qf3 Bxd4+ 23. Kh1 Ra7 24. Rfc1 Nc3 25. Rxc3 Bxc3 26. Rb5 Bd4 27. Qc6 Qd7 28. Qc2 Rxb7 29. h4 Rxb5 30. axb5 Bd5+ 31. Kh2 Kg7 32. Qa4 Bb6 33. h5 Bb7 34. Qc4 Qd5 35. Qxd5 Bxd5 36. hxg6 hxg6 37. g4 a4 38. Kg3 a3 39. gxf5 gxf5 40. Kh4 a2 41. Kg5 Be6 42. d4 a1Q 43. d5 Qg1+ 44. Kh5 Qg4# 0-1

[Event "Titled Tuesday intern op 22nd Aug Early"]
[Site "Chess.com INT"]
[Date "2023.08.22"]
[Round "4"]
[White "Slavin, Alexei"]
[Black "Yeritsyan, Hayk"]
[Result "1/2-1/2"]
[WhiteElo "2364"]
[BlackElo "2179"]
[PlyCount "78"]
[EventDate "2023.08.22"]
[EventType "swiss (blitz)"]
[EventRounds "11"]
[EventCountry "USA"]
[SourceTitle "EXT 2024"]
[Source "ChessBase"]
[SourceDate "2023.10.10"]
[SourceVersion "1"]
[SourceVersionDate "2023.10.10"]
[SourceQuality "1"]

1. e4 g6 2. d4 Bg7 3. Nc3 c6 4. Nf3 d5 5. e5 Bg4 6. Be2 e6 7. 0-0 Ne7 8. Bg5 h6 9. Bh4 a6 10. Ne1 Bxe2 11. Nxe2 Nd7 12. f4 g5 13. fxg5 Nf5 14. Rxf5 exf5 15. Nf3 hxg5 16. Bxg5 f6 17. Bh4 Qb6 18. e6 Ne5 19. Nxe5 fxe5 20. Bg5 c5 21. dxe5 Qxe6 22. Nf4 Qxe5 23. Qf3 Qe4 24. Qg3 Kf7 25. Re1 Qd4+ 26. Kh1 Rae8 27. Rf1 Re3 28. Qf2 Re4 29. Qf3 Be5 30. Nh5 f4 31. Qg4 Rxh5 32. Qxh5+ Ke6 33. Qe8+ Kd6 34. Be7+ Kc7 35. Bd8+ Kd6 36. Qe7+ Kc6 37. Qe8+ Kd6 38. Qe7+ Kc6 39. Qe8+ Kd6 1/2-1/2